| 000 | 00685nam a2200193Ia 4500 | ||
|---|---|---|---|
| 008 | 090123s9999 xx 000 0 und d | ||
| 082 |
_b28550 _a891.463/मायकेल |
||
| 100 | _aमायकेल िख्र्टास्ेन | ||
| 245 | _aद टर्मिनल मॅन | ||
| 250 | _a1 | ||
| 260 |
_bमेहता प्रकाशन _c1998 |
||
| 300 | _a203 | ||
| 600 | _aमायकेल िख्र्टास्ेन | ||
| 630 | _aद टर्मिनल मॅन | ||
| 700 | _aमायकेल िख्र्टास्ेन | ||
| 700 | _aमांडे अरुण | ||
| 730 | _aद टर्मिनल मॅन | ||
| 942 | _cBOOK | ||
| 999 |
_c67085 _d67085 |
||